Movies Quiz

Random Movies or Actor Quiz

Directors by Acting Nominations (1990s) Quiz Stats

 Plays Quiz Updated Mar 30, 2020

Support Sporcle.
Go Orange.
Score 0/23 Timer 05:00
0 Plays Today
Actors Director % Correct
Lorraine Bracco, Robert De Niro, Juliette Lewis, Joe Pesci, Winona Ryder, Sharon StoneMartin Scorsese
89%
Robert Forster, Samuel L. Jackson, Uma Thurman, John TravoltaQuentin Tarantino
80.3%
Clint Eastwood, Gene Hackman, Meryl StreepClint Eastwood
74.4%
Michael Lerner, William H. Macy, Frances McDormandJoel and Ethan Coen
73.8%
Judy Davis, Samantha Morton, Chazz Palminteri, Sean Penn, Mira Sorvino, Jennifer Tilly, Dianne WiestWoody Allen
73.1%
Ralph Fiennes, Tom Hanks, Anthony Hopkins, Liam NeesonSteven Spielberg
69.8%
Kevin Costner, Graham Greene, Mary McDonnellKevin Costner
68.5%
Jodie Foster, Tom Hanks, Anthony HopkinsJonathan Demme
60.5%
Tom Cruise, Julianne Moore, Burt ReynoldsPaul Thomas Anderson
59.2%
Matt Damon, Minnie Driver, Robin WilliamsGus Van Sant
54.5%
Juliette Binoche, Ralph Fiennes, Jude Law, Kristin Scott ThomasAnthony Minghella
46%
Barbara Hershey, Holly Hunter, Anna PaquinJane Campion
45.2%
Actors Director % Correct
Helen Hunt, Greg Kinnear, Jack NicholsonJames L. Brooks
44.5%
Anthony Hopkins, Vanessa Redgrave, Emma Thompson (twice), Joanne WoodwardJames Ivory
38.2%
Brad Pitt, Mercedes Ruehl, Robin WilliamsTerry Gilliam
37.8%
Judi Dench (twice), Gwyneth Paltrow, Geoffrey RushJohn Madden
33.2%
Kathy Bates, Jack Nicholson, James WoodsRob Reiner
30.9%
Lauren Bacall, Kate Nelligan, Nick NolteBarbra Streisand
29.1%
Warren Beatty, Dustin Hoffman, Harvey Keitel, Ben KingsleyBarry Levinson
26.1%
Daniel Day-Lewis, Richard Harris, Pete Postlethwaite, Emma ThompsonJim Sheridan
26.1%
Joan Allen, Anthony Hopkins, Tommy Lee JonesOliver Stone
25.7%
Jaye Davidson, Julianne Moore, Stephen ReaNeil Jordan
23.8%
Joan Allen, Nigel Hawthorne, Helen MirrenNicholas Hytner
7.8%

You're not logged in!

Compare scores with friends on all Sporcle quizzes.
OR
Log In

From the Vault

Those 12 Flags: Actors

by Flick

Kyrgyzstan might be feeling left out, since their flag is never one of 'those 12'.
Remove Ads.
Support Sporcle.
Get the best of Sporcle when you Go Orange. This ad-free experience offers more features, more stats, and more fun while also helping to support Sporcle. Thank you for becoming a member.

Show Comments

Extras

Top Quizzes Today


Score Distribution

Your Account Isn't Verified!

In order to create a playlist on Sporcle, you need to verify the email address you used during registration. Go to your Sporcle Settings to finish the process.

Report this User

Report this user for behavior that violates our Community Guidelines.

Details: